Probability random vaiables and stochastic process (Record no. 579412)

000 -LEADER
fixed length control field 00505nam a22001817a 4500
003 - CONTROL NUMBER IDENTIFIER
control field CEME
005 - DATE AND TIME OF LATEST TRANSACTION
control field 20210628205058.0
008 - FIXED-LENGTH DATA ELEMENTS--GENERAL INFORMATION
fixed length control field 210120b xxu||||| |||| 00| 0 eng d
020 ## - INTERNATIONAL STANDARD BOOK NUMBER
International Standard Book Number 0-07-048477-5
040 ## - CATALOGING SOURCE
Transcribing agency .
082 ## - DEWEY DECIMAL CLASSIFICATION NUMBER
Classification number 519.2 PAP'P
100 ## - MAIN ENTRY--PERSONAL NAME
Personal name Papoulis, Athanasias
9 (RLIN) 73762
245 ## - TITLE STATEMENT
Title Probability random vaiables and stochastic process
260 ## - PUBLICATION, DISTRIBUTION, ETC.
Place of publication, distribution, etc. NEWYORK
Name of publisher, distributor, etc. MCGRAW HILL
Date of publication, distribution, etc. 1991
300 ## - PHYSICAL DESCRIPTION
Extent 666P
650 ## - SUBJECT ADDED ENTRY--TOPICAL TERM
Topical term or geographic name entry element STOCHASTIC PROCESSES RANDOM VAIABLES PROBABILITIES
9 (RLIN) 73763
942 ## - ADDED ENTRY ELEMENTS (KOHA)
Koha item type Book
Source of classification or shelving scheme
Holdings
Withdrawn status Lost status Damaged status Not for loan Permanent Location Current Location Shelving location Date acquired Total Checkouts Full call number Barcode Date last seen Price effective from Koha item type Checked out Date last checked out
        College of Electrical & Mechanical Engineering (CEME) College of Electrical & Mechanical Engineering (CEME) General Stacks 04/21/2017   519.2 PAP'P CEME-30328 06/28/2021 06/28/2021 Book    
        College of Electrical & Mechanical Engineering (CEME) College of Electrical & Mechanical Engineering (CEME) General Stacks 07/18/2017   519.2 PAP'P CEME-35955 06/28/2021 06/28/2021 Book    
        College of Electrical & Mechanical Engineering (CEME) College of Electrical & Mechanical Engineering (CEME) General Stacks 07/26/2017 1 519.2 PAP'P CEME-36705 12/02/2025 06/28/2021 Book 01/01/2026 12/02/2025
        College of Electrical & Mechanical Engineering (CEME) College of Electrical & Mechanical Engineering (CEME) General Stacks 07/28/2017 1 519.2 PAP'P CEME-45208 12/02/2025 06/28/2021 Book 01/01/2026 12/02/2025
        College of Electrical & Mechanical Engineering (CEME) College of Electrical & Mechanical Engineering (CEME) General Stacks 07/28/2017 1 519.2 PAP'P CEME-45209 12/02/2025 06/28/2021 Book 01/01/2026 12/02/2025
© 2023 Central Library, National University of Sciences and Technology. All Rights Reserved.